| 000 | 00785nam a22002177a 4500 | ||
|---|---|---|---|
| 999 |
_c7645 _d7645 |
||
| 003 | AR-CdUCM | ||
| 008 | 190308b ||||| |||| 00| 0 spa d | ||
| 040 |
_aMUNICIPALIDAD PROVINCIAL DEL CUSCO _cBIBLIOTECA MUNICIPAL DEL CUSCO |
||
| 082 |
_a470.909 / _bS82 _22 ed. |
||
| 100 |
_aStloz, Friedrich _913967 |
||
| 245 | _aHistoria de la Lengua Latina / | ||
| 260 |
_aMéxico D.F. : _bUTEHA, _c1961. |
||
| 300 |
_a170 páginas ; _c17 cm. |
||
| 505 | _aContenido: La prehistoria del Latín -- El Latín preliterario -- El Latín antiguo -- El Latín clásico -- El Latín postclásico ... | ||
| 650 |
_aLinguistica _91640 |
||
| 650 |
_aLatin _913968 |
||
| 650 |
_aLenguas _913969 |
||
| 700 |
_aSita-Aquino Anjou, Juan-Bautista (Traductor) _921588 |
||
| 942 |
_2ddc _cLIBROS |
||
| 945 | _araen | ||